| 000 | 00626nam a2200253 a 4500 | ||
|---|---|---|---|
| 003 | AR-BaBNM | ||
| 005 | 20251128202723.0 | ||
| 008 | 082120s2002 ||||||||||||||000 | spa|| | ||
| 040 | _cAR-BaBNM | ||
| 100 | 1 | _aBenarós, León | |
| 245 | 0 | 0 | _aCarmencita Puch |
| 250 | _a1ª ed. | ||
| 260 |
_aBuenos Aires _bEl autor _c1973 |
||
| 300 |
_a17 p. _bil. |
||
| 490 | 0 |
_aCuadernos de la banderita _vv. 3 |
|
| 650 | 4 | _aLITERATURA ARGENTINA | |
| 650 | 4 | _aPOESIA | |
| 650 | 4 | _aLITERATURA CONTEMPORANEA | |
| 650 | 4 | _aHISTORIAS DE AMOR | |
| 650 | 4 | _aLITERATURA POPULAR | |
| 655 | _aLITERATURA | ||
| 942 | _cBK | ||
| 998 | _cMARTIN | ||
| 999 |
_c240 _d240 |
||